MARC

LEADER 00000nam0a2200000 4500
001 39820
005 20231101210600.0
035 |a (RuTPU)RU\TPU\book\40696 
090 |a 39820 
100 |a 20020412d1978 k y0rusy50 ca 
101 0 |a rus 
102 |a RU 
105 |a a z 001zy 
200 1 |a Вычислительные методы в математической физике, геофизике и оптимальном управлении  |e Доклад советско-французского симпозиума. 7-11 июня 1976 г.  |f Сибирское отделение АН СССР; Советско-французский симпозиум; Под ред. Г. И. Марчука и Ж.-Л. Лионса 
210 |a Новосибирск  |c Наука, Сиб. отд-ние  |d 1978 
215 |a 235 с.  |c ил. 
320 |a Библиогр.: в конце докл. 
610 1 |a математика 
610 1 |a математическая физика 
610 1 |a геофизика 
610 1 |a оптимальное управление 
610 1 |a вычислительные методы 
610 1 |a численные решения 
610 1 |a дифференциальные уравнения 
610 1 |a окружающая среда 
610 1 |a модели 
610 1 |a обратные задачи 
610 1 |a некорректные задачи 
610 1 |a симпозиумы 
610 1 |a Новосибирск 
675 |a 519.6  |v 3 
702 1 |a Марчук  |b Г. И.  |c российский математик  |c физик  |c академик РАН  |f 1925-  |g Гурий Иванович  |2 stltpush  |3 (RuTPU)RU\TPU\pers\13341  |4 340  |9 3996 
702 1 |a Лионс  |b Ж.-Л.  |4 340 
712 0 1 |a Сибирское отделение АН СССР  |2 stltpush  |3 (RuTPU)RU\TPU\col\288 
712 1 2 |a Советско-французский симпозиум  |e Новосибирск  |f 7-11 июня 1976г. 
801 1 |a RU  |b 63413507  |c 20020412  |g PSBO 
801 2 |a RU  |b 63413507  |c 20151230  |g PSBO 
942 |c BK